[Event "Mittelfranken-ch QT 52nd"]
[Site "Uttenreuth"]
[Date "2003.04.17"]
[Round "4"]
[White "Dreiseitel, Werner"]
[Black "Duempelmann, Steffen"]
[Result "1/2-1/2"]
[WhiteElo "1111"]
[BlackElo "1204"]
[PlyCount "55"]
[EventDate "2003.04.16"]
[EventType "swiss"]
[EventRounds "7"]
[EventCountry "GER"]
[SourceTitle "EXT 2015"]
[Source "ChessBase"]
[SourceDate "2014.11.20"]
[SourceVersion "1"]
[SourceVersionDate "2014.11.20"]
[SourceQuality "1"]

1. c4 c5 2. b3 Nc6 3. Nf3 Nf6 4. Bb2 e6 5. d3 Be7 6. e4 d6 7. Be2 0-0 8. 0-0 Qc7 9. Nc3 a6 10. Rb1 b6 11. d4 cxd4 12. Nxd4 Nxd4 13. Qxd4 Qc5 14. Qd3 Bd7 15. Qg3 e5 16. Bc1 Kh8 17. Be3 Qc7 18. f4 h5 19. fxe5 dxe5 20. Nd5 Nxd5 21. exd5 h4 22. Qf2 Qd6 23. Bd3 Qb4 24. Kh1 Qd6 25. Bxb6 Qf6 26. Qe3 Qg5 27. Qe4 g6 28. Be3 1/2-1/2

[Event "Mittelfranken-ch QT 52nd"]
[Site "Uttenreuth"]
[Date "2003.04.16"]
[Round "2"]
[White "Laibold, Lorenz"]
[Black "Duempelmann, Steffen"]
[Result "1-0"]
[WhiteElo "1565"]
[BlackElo "1204"]
[PlyCount "45"]
[EventDate "2003.04.16"]
[EventType "swiss"]
[EventRounds "7"]
[EventCountry "GER"]
[SourceTitle "EXT 2015"]
[Source "ChessBase"]
[SourceDate "2014.11.20"]
[SourceVersion "1"]
[SourceVersionDate "2014.11.20"]
[SourceQuality "1"]

1. e4 c5 2. Nf3 d6 3. d4 cxd4 4. Nxd4 Nf6 5. Nc3 g6 6. Be2 Nc6 7. Be3 Bg7 8. f4 0-0 9. h3 a6 10. 0-0 Re8 11. Bf3 Nd7 12. Qd2 Nb6 13. b3 e5 14. Nxc6 bxc6 15. f5 Bb7 16. Bg4 d5 17. Bh6 Qf6 18. fxg6 Qxg6 19. Bxg7 Kxg7 20. Rf5 h6 21. Qf2 d4 22. Bh5 Qxf5 23. Qxf5 1-0

[Event "Mittelfranken-ch QT 50th"]
[Site "Buechenbach"]
[Date "2001.??.??"]
[Round "1"]
[White "Duempelmann, Steffen"]
[Black "Margraf, Christoph"]
[Result "0-1"]
[WhiteElo "758"]
[BlackElo "1627"]
[PlyCount "80"]
[EventDate "2001.04.11"]
[EventType "swiss"]
[EventRounds "7"]
[EventCountry "GER"]
[SourceTitle "EXT 2015"]
[Source "ChessBase"]
[SourceDate "2014.11.20"]
[SourceVersion "1"]
[SourceVersionDate "2014.11.20"]
[SourceQuality "1"]

1. d4 Nf6 2. Nf3 g6 3. e3 Bg7 4. Bd3 0-0 5. c4 d6 6. Nbd2 c5 7. d5 e5 8. e4 Ne8 9. Qc2 f5 10. h4 f4 11. b3 Nf6 12. Nf1 Nh5 13. Qe2 a5 14. Bd2 Nd7 15. g4 fxg3 16. Nxg3 Nxg3 17. fxg3 Nf6 18. Ng5 Nh5 19. Qe3 h6 20. Ne6 Bxe6 21. dxe6 Qe7 22. g4 Nf4 23. Rg1 Qxh4+ 24. Kd1 Nxe6 25. Qg3 Qxg3 26. Rxg3 b6 27. g5 h5 28. a4 Rf7 29. Kc2 Raf8 30. Rgg1 Rf2 31. Raf1 Nd4+ 32. Kd1 Nxb3 33. Be3 Rxf1+ 34. Rxf1 Rxf1+ 35. Bxf1 Bf8 36. Kc2 Nd4+ 37. Kc3 Be7 38. Bh3 Nf3 39. Be6+ Kg7 40. Kd3 Bxg5 0-1

[Event "Mittelfranken-ch QT 50th"]
[Site "Buechenbach"]
[Date "2001.??.??"]
[Round "6"]
[White "Nerreter, Bernd"]
[Black "Duempelmann, Steffen"]
[Result "0-1"]
[WhiteElo "1314"]
[BlackElo "758"]
[PlyCount "58"]
[EventDate "2001.04.11"]
[EventType "swiss"]
[EventRounds "7"]
[EventCountry "GER"]
[SourceTitle "EXT 2015"]
[Source "ChessBase"]
[SourceDate "2014.11.20"]
[SourceVersion "1"]
[SourceVersionDate "2014.11.20"]
[SourceQuality "1"]

1. f4 f5 2. d4 Nf6 3. e3 g6 4. c4 Bg7 5. Nc3 e6 6. Be2 c6 7. Nf3 0-0 8. h4 d5 9. h5 gxh5 10. Ng5 Ng4 11. Rxh5 h6 12. Nh3 Nf6 13. Rh4 Ne4 14. Nxe4 Qxh4+ 15. Nef2 Qg3 16. Bf3 Bf6 17. Ke2 dxc4 18. Bd2 b6 19. Qg1 Ba6 20. Be1 c3+ 21. Kd1 cxb2 22. Rb1 Qg7 23. Rxb2 Bxd4 24. exd4 Qxd4+ 25. Kc1 Rd8 26. g4 Qc5+ 27. Kb1 Rd1+ 28. Bxd1 Bd3+ 29. Ka1 Qc1+ 0-1